| 000 | 00386cam a2200157ua 4500 | ||
|---|---|---|---|
| 041 |
_aeng _h |
||
| 082 |
_a671.5 _bBAI/PR |
||
| 100 | _aBainbridge, C.G . | ||
| 245 |
_aPractical welding repairs / _cC.G.Bainbridge. _hTextual Documents |
||
| 250 |
_a1 / _b. |
||
| 260 |
_aLondon : _bTemple press Ltd , _c1960. |
||
| 300 | _a128 ; . | ||
| 504 | _a | ||
| 942 | _cBK | ||
| 999 |
_c2489 _d2489 |
||